Регионална библиотека "Любен Каравелов" - Русе

Тестове за оценяване на физическата дееспособност (Запис номер 186950)

MARC детайли
000 -Лидер
Контролно поле с фиксирана дължина 01733nam a2200361 c 4500
003 - Код на организацията, давaща контролен номер
Контролно поле BLK
005 - Дата и час на последна редакция
Контролно поле 20191004152231.0
008 - Елементи от данни с фиксирана дължина
fixed length control field 180411b bul|||||r ||||||| ||bul||
010 ## - Наследен системен номер
LC control number KNG00195954000
040 ## - Източник на каталожния запис
Идентификатор на билиотеката - собственик на записа BLK
041 ## - Код за език
Код за езика на текст/звукозапис или на отделно заглавие Български
Код за езика КДБФ Български
080 ## - УДК
Текстов определител УДК Спорт. Спортни игри. Физическа култура. Вж и 613;615.82;685.6/.7; 723.8; 793.3; 794
УДК код - определител по УДК 796
УДК определител :612
УДК - код + определител 796:612
100 1# - Редна дума - Автор
Автор Петкова, Лиляна Иванова
Авторска отговорност първи автор
R(LIN) 381034
139 ## - Редно поле
Редна дума Петкова, Лиляна Иванова и др.
Авторски знак Петко - П 44
245 10 - Сведения за заглавието
Заглавие Тестове за оценяване на физическата дееспособност
Подзаглавни данни В помощ на специалисти по физ. култура
Редно поле (дума) Лиляна Иванова Петкова; съавт. Мария Квартирникова.
257 ## - Страна на издаване
Страна на създаване/издаване България
260 ## - Област на издателските данни
-- София
Име на издателя, разпространителя и проч. Медицина и физкултура
Година на издаване 1985
Печатница Пловдив : Д. Благоев
300 ## - Физическа характеристика
Страници 168 с.
Илюстрации и др. с табл., диагр.
Размери/Мащаб 20 см
380 ## - Жанр
Жанр 793/799 Спорт
500 ## - Общи забележки
Забележка 2 046 тир. - Библиогр. с. 162-166
650 #4 - Допълнително описание по предмет – тема
Основно описание – тема или топоним Спорт - теория и методи на изследване
9 (RLIN) 321342
650 #4 - Допълнително описание по предмет – тема
Основно описание – тема или топоним Движение (биол.) - физиология
9 (RLIN) 296681
650 #4 - Допълнително описание по предмет – тема
Основно описание – тема или топоним Физическа култура и спорт - физиология
9 (RLIN) 342935
653 ## - Ключова дума – ненормативна
Ключова дума физическа издържливост
653 ## - Ключова дума – ненормативна
Ключова дума движение
653 ## - Ключова дума – ненормативна
Ключова дума тестове
700 1# - Други автори (авторска отговорност)
Лично име Квартирникова, Мария
Автороска отговорност (Описва отношението между автора и произведението) съавт.
9 (RLIN) 344231
852 ## - Местоположение
Форматна сигнатура Цб 137308
856 4# - Електронен адрес и достъп
Електронен формат pdf - файл
Път до файла /url/
856 4# - Електронен адрес и достъп
Електронен формат pdf - файл
Път до файла /url/
942 ## - АРТИКУЛИ
Вид на библиотечния материал Книги
Скрит в OPAC Не
Koha issues (borrowed), all copies 3
944 ## - СЪЗДАВАНЕ И РЕДАКЦИЯ на ЗАПИСА
Създаване/Редакция Създаване
Дата на регистрацията/редакция 14.11.2016
Служител, извършил регистрацията/редакцията Севдалина_Василева
944 ## - СЪЗДАВАНЕ И РЕДАКЦИЯ на ЗАПИСА
Създаване/Редакция Редакция
Дата на регистрацията/редакция 14.11.2016
Служител, извършил регистрацията/редакцията Севдалина_Василева
999 ## - СИСТЕМНИ КОНТРОЛНИ НОМЕРА
Koha biblionumber 186950
Koha biblioitemnumber 186950
Наличности
Код за отписване Код за изгубен артикул Източник на класификационната схема Код за повреда Коз за рестрикции Код за отдаване Артикулен № Име на библиотеката - собственик Име на библиотеката, в която се намира в момента Статус (Текущо местоположение) Дата на вписване в системата Местоположение - отдел Цена в лева Инвентарен номер Систематично азбучна сигнатура Баркод Номер на екземпляра Цена в евро Служебна бележка Служебен тип на артикула
  Не е изгубен Universal Decimal Classification Не е повреден без рестрикции ползва се в читалня 326006 Регионална библиотека "Любен Каравелов" Русе Регионална библиотека "Любен Каравелов" Русе Хранилище 1985-01-01 Хранилище 1.25 435136 Цб 137308 120000435136 1 0.64 Дост: Dp Вид: Д N: стар фонд Дата: 01.01.1985 Книги
Изтеглен Не е изгубен Universal Decimal Classification Не е повреден без рестрикции заемане за дома 326007 Регионална библиотека "Любен Каравелов" Русе Регионална библиотека "Любен Каравелов" Русе Заемна - подръчен фонд 1985-01-01 Заемна - подръчен фонд 1.25 435717 П 796/П 44 435717 2 0.64 Дост: Pk Вид: Ф N: стар фонд Дата: 01.01.1985 Дата инв: 08.02.2018 Бележки инв: П2018 Книги
Изтеглен Не е изгубен Universal Decimal Classification Не е повреден без рестрикции заемане за дома 326008 Регионална библиотека "Любен Каравелов" Русе Регионална библиотека "Любен Каравелов" Русе Заемна - подръчен фонд 1985-01-01 Заемна - подръчен фонд 1.25 435718 П 796/П 44 120000435718 3 0.64 Дост: Pk Вид: Ф N: стар фонд Дата: 01.01.1985 Дата инв: 08.02.2018 Бележки инв: П2018 Книги
Vip Innovations Ltd, Rousse, Bulgaria 2025